Economic performance of self-help groups in Karnataka, with special reference to Venkatenahalli in South India (Record no. 57598)

MARC details
000 -LEADER
fixed length control field 00548nam a2200181Ia 4500
100 ## - MAIN ENTRY--AUTHOR NAME
Personal name Nagaraj N.
245 #0 - TITLE STATEMENT
Title Economic performance of self-help groups in Karnataka, with special reference to Venkatenahalli in South India
260 ## - PUBLICATION, DISTRIBUTION, ETC. (IMPRINT)
Name of publisher Indian Journal of Agricultural Economics
Year of publication 2010
300 ## - PHYSICAL DESCRIPTION
Number of Pages 604-617
700 ## - ADDED ENTRY--PERSONAL NAME
Personal name
700 ## - ADDED ENTRY--PERSONAL NAME
Personal name Acker David
700 ## - ADDED ENTRY--PERSONAL NAME
Personal name Chengappa P.G.
700 ## - ADDED ENTRY--PERSONAL NAME
Personal name Kanwar Ramesh
700 ## - ADDED ENTRY--PERSONAL NAME
Personal name Shuthi H.R.
700 ## - ADDED ENTRY--PERSONAL NAME
Personal name Yadava C.G.
942 ## - ADDED ENTRY ELEMENTS (KOHA)
Koha item type Journals
Holdings
Withdrawn status Lost status Damaged status Not for loan Home library Current library Shelving location Date acquired Serial Enumeration / chronology Koha item type
      Journals RRII Library RRII Library Economics 07/05/2010 Volume 64, Issue 4 Journals